The Respiratory System - Statistics

General Stats
  • This quiz has been taken 554 times
    520 since last reset
  • The average score is 5 of 11
Answer Stats
Hint Answer % Correct
What the system transports Oxygen
94%
The Main Part of The System Lungs
93%
Also known as the windpipe Trachea
64%
Which lung is bigger? The right
55%
What the Oxygen gets traded for Carbon Dioxide
49%
What are the little air sacs called Alveoli
31%
Branches off of the two bigger tubes Bronchioles
31%
Where the oxygen enters Nose/Mouth
26%
Acts like a vacuum and sucks the air into your mouth Diaphragm
17%
There are two of them branching off from the windpipe Bronchial Tubes
7%
Surround the above Capillaries
4%
No matching quizzes found
Score Distribution
Percent of People with Each Score
Percentile by Number Answered
Your Score History
You have not taken this quiz since the last reset